[Event "EYCC 2017"]
[Site "Mamaia"]
[Date "2017.09.11"]
[Round "6"]
[White "Janiashvili, Mariami"]
[Black "Dwilewicz, Katarzyna"]
[Result "0-1"]
[WhiteElo "1875"]
[BlackElo "1884"]
[Annotator "NA RC"]
[PlyCount "124"]
[EventDate "2017.??.??"]
[EventType "swiss"]
[EventCountry "ROU"]
[SourceTitle "playchess.com"]
[Source "ChessBase"]
[SourceQuality "1"]
[TimeControl "40/5400+30:1800+30"]

1. d4 {[%emt 0:00:00]} d5 {[%emt 0:00:10]} 2. c4 {[%emt 0:00:00]} e6 {[%emt 0:00:05]} 3. Nc3 {[%emt 0:00:00]} Bb4 {[%emt 0:00:06]} 4. Nf3 {[%emt 0:00:55]} Nf6 {[%emt 0:00:16]} 5. Bg5 {[%emt 0:00:25]} Nbd7 {[%emt 0:03:43]} 6. cxd5 {[%emt 0:02:17]} exd5 {[%emt 0:00:15]} 7. e3 {[%emt 0:00:24]} c5 {[%emt 0:01:53]} 8. Bd3 {[%emt 0:03:00]} Qa5 {[%emt 0:04:20]} 9. Qc2 {[%emt 0:01:55]} c4 {[%emt 0:00:59]} 10. Bf5 {[%emt 0:01:32]} O-O {[%emt 0:03:31]} 11. O-O {[%emt 0:00:09]} Re8 {[%emt 0:04:22]} 12. Ne5 {[%emt 0:07:02]} Nxe5 {[%emt 0:24:32]} 13. dxe5 {[%emt 0:08:46]} Rxe5 {[%emt 0:07:50]} 14. Bxc8 {[%emt 0:00:07]} Rxg5 {[%emt 0:05:32]} 15. Bxb7 {[%emt 0:08:21]} Rb8 {[%emt 0:03:41]} 16. Bc6 {[%emt 0:00:09]} Bxc3 {[%emt 0:06:51]} 17. bxc3 {[%emt 0:00:38]} Qc7 {[%emt 0:01:11]} 18. f4 {[%emt 0:02:35]} Rh5 {[%emt 0:00:56]} 19. Ba4 {[%emt 0:00:38]} Rh6 {[%emt 0:04:39]} 20. Qd1 {[%emt 0:08:54]} Qe7 {[%emt 0:02:43]} 21. Re1 {[%emt 0:05:09]} Qa3 {[%emt 0:06:08]} 22. Rc1 {[%emt 0:09:59]} Rd8 {[%emt 0:02:53]} 23. Bc2 {[%emt 0:08:20]} Qxa2 {[%emt 0:04:12]} 24. e4 {[%emt 0:02:45]} Qa5 {[%emt 0:00:26]} 25. e5 {[%emt 0:02:36]} Qc5+ {[%emt 0:01:18]} 26. Kh1 {[%emt 0:00:24]} Nd7 {[%emt 0:00:12]} 27. f5 {[%emt 0:00:52]} Nf8 {[%emt 0:05:26]} 28. f6 {[%emt 0:07:19]} Qf2 {[%emt 0:02:24]} 29. fxg7 {[%emt 0:01:42]} Ne6 {[%emt 0:00:41]} 30. Qg4 {[%emt 0:02:41]} Rh4 {[%emt 0:01:20]} 31. Re2 {[%emt 0:02:01]} Qf4 {[%emt 0:01:15]} 32. Qxf4 {[%emt 0:00:20]} Rxf4 {[%emt 0:00:18]} 33. Rd2 {[%emt 0:02:23]} Kxg7 {[%emt 0:00:54]} 34. Rcd1 {[%emt 0:01:18]} Nc7 {[%emt 0:01:29]} 35. Ba4 {[%emt 0:04:25]} Re4 {[%emt 0:00:26]} 36. Rd4 {[%emt 0:00:51]} Rxd4 {[%emt 0:00:43]} 37. Rxd4 {[%emt 0:01:31]} Ne6 {[%emt 0:00:22]} 38. Rg4+ {[%emt 0:00:16]} Kf8 {[%emt 0:00:09]} 39. Kg1 {[%emt 0:00:12]} Ke7 {[%emt 0:00:32]} 40. Rh4 {[%emt 0:00:00]} d4 {[%emt 0:01:01]} 41. Kf2 {[%emt 0:02:46]} dxc3 {[%emt 0:15:43]} 42. Rxc4 {[%emt 0:00:15]} Rd4 {[%emt 0:00:48]} 43. Rxd4 {[%emt 0:01:02]} Nxd4 {[%emt 0:00:03]} 44. Ke3 {[%emt 0:00:08]} c2 {[%emt 0:00:13]} 45. Kd2 {[%emt 0:00:03]} Ke6 {[%emt 0:00:14]} 46. Be8 {[%emt 0:00:07]} a5 {[%emt 0:01:20]} 47. Kc1 {[%emt 0:00:11]} h6 {[%emt 0:01:10]} 48. Kd2 {[%emt 0:00:26]} Nf5 {[%emt 0:10:43]} 49. Kxc2 {[%emt 0:06:27]} Ng7 {[%emt 0:00:07]} 50. Bc6 {[%emt 0:05:46]} Kxe5 {[%emt 0:00:38]} 51. Kb3 {[%emt 0:00:17]} Kd6 {[%emt 0:02:43]} 52. Ba8 {[%emt 0:01:43]} Kc5 {[%emt 0:00:19]} 53. Ka4 {[%emt 0:00:54]} Kb6 {[%emt 0:00:04]} 54. g4 {[%emt 0:00:40]} Ne6 {[%emt 0:01:04]} 55. Bd5 {[%emt 0:01:01]} Nc5+ {[%emt 0:00:06]} 56. Ka3 {[%emt 0:00:03]} f6 {[%emt 0:00:02]} 57. Bf3 {[%emt 0:00:43]} Nd3 {[%emt 0:00:16]} 58. Ka4 {[%emt 0:00:39]} Ne5 {[%emt 0:00:14]} 59. Be2 {[%emt 0:00:11]} Kc5 {[%emt 0:01:06]} 60. Kxa5 {[%emt 0:00:20]} Kd4 {[%emt 0:00:03]} 61. h4 {[%emt 0:01:19]} Ke3 {[%emt 0:00:10]} 62. g5 {[%emt 0:00:15]} Kxe2 {[%emt 0:03:35]} 0-1

[Event "EYCC 2017"]
[Site "Mamaia"]
[Date "2017.09.11"]
[Round "6"]
[White "Luczak, Filip"]
[Black "Suleymanli, Aydin"]
[Result "0-1"]
[WhiteElo "1866"]
[BlackElo "2351"]
[Annotator "NA"]
[PlyCount "68"]
[EventDate "2017.??.??"]
[EventType "swiss"]
[EventCountry "ROU"]
[SourceTitle "playchess.com"]
[Source "ChessBase"]
[SourceQuality "1"]
[TimeControl "40/5400+30:1800+30"]

1. e4 {[%emt 0:00:00]} e6 {[%emt 0:00:03]} 2. d4 {[%emt 0:00:00]} d5 {[%emt 0:00:03]} 3. Nc3 {[%emt 0:00:00]} Nc6 {[%emt 0:00:03]} 4. exd5 {[%emt 0:03:12]} exd5 {[%emt 0:02:17]} 5. Nf3 {[%emt 0:00:21]} Bb4 {[%emt 0:01:30]} 6. Bd3 {[%emt 0:05:22]} Bg4 {[%emt 0:08:00]} 7. Be3 {[%emt 0:05:16]} Nf6 {[%emt 0:00:36]} 8. h3 {[%emt 0:04:00]} Bh5 {[%emt 0:00:27]} 9. a3 {[%emt 0:13:19]} Ba5 {[%emt 0:07:03]} 10. b4 {[%emt 0:13:26]} Bb6 {[%emt 0:00:40]} 11. Be2 {[%emt 0:03:40]} O-O {[%emt 0:04:07]} 12. O-O {[%emt 0:05:34]} Ne4 {[%emt 0:10:49]} 13. Nxe4 {[%emt 0:19:06]} dxe4 {[%emt 0:00:09]} 14. Nd2 {[%emt 0:00:06]} Bxe2 {[%emt 0:01:17]} 15. Qxe2 {[%emt 0:00:02]} f5 {[%emt 0:00:14]} 16. Nb3 {[%emt 0:06:36]} f4 {[%emt 0:02:58]} 17. Bc1 {[%emt 0:02:03]} Nxd4 {[%emt 0:10:37]} 18. Nxd4 {[%emt 0:10:59]} Qxd4 {[%emt 0:00:23]} 19. Rb1 {[%emt 0:02:03]} Rae8 {[%emt 0:07:59]} 20. Rd1 {[%emt 0:02:45]} f3 {[%emt 0:03:44]} 21. Qe1 {[%emt 0:01:07]} Qf6 {[%emt 0:02:11]} 22. Be3 {[%emt 0:00:42]} fxg2 {[%emt 0:00:25]} 23. Bxb6 {[%emt 0:00:33]} axb6 {[%emt 0:01:06]} 24. Qe3 {[%emt 0:00:27]} Re5 {[%emt 0:00:31]} 25. Kxg2 {[%emt 0:01:00]} Qg6+ {[%emt 0:04:40]} 26. Kf1 {[%emt 0:00:31]} Ref5 {[%emt 0:01:17]} 27. Rd2 {[%emt 0:00:43]} Rf3 {[%emt 0:00:06]} 28. Qd4 e3 {[%emt 0:01:38]} 29. Qd5+ {[%emt 0:00:31]} R3f7 {[%emt 0:00:06]} 30. Re2 {[%emt 0:00:59]} Kh8 {[%emt 0:00:01]} 31. Qh1 {[%emt 0:00:16]} Rxf2+ {[%emt 0:00:14]} 32. Ke1 {[%emt 0:00:25]} Qg3 {[%emt 0:00:07]} 33. Rxf2 {[%emt 0:00:36]} Qxf2+ {[%emt 0:00:02]} 34. Kd1 {[%emt 0:00:10]} Qd2# {[%emt 0:00:04]} 0-1

[Event "EYCC 2017"]
[Site "Mamaia"]
[Date "2017.09.11"]
[Round "6"]
[White "Grigoryan, Arpine"]
[Black "Lomandong Noela-Joyce"]
[Result "1/2-1/2"]
[WhiteElo "1865"]
[BlackElo "2040"]
[Annotator "NA RC"]
[PlyCount "136"]
[EventDate "2017.??.??"]
[EventType "swiss"]
[EventCountry "ROU"]
[SourceTitle "playchess.com"]
[Source "ChessBase"]
[SourceQuality "1"]
[TimeControl "40/5400+30:1800+30"]

1. e4 {[%emt 0:00:00]} c5 {[%emt 0:00:05]} 2. Nf3 {[%emt 0:00:00]} g6 {[%emt 0:00:06]} 3. c3 {[%emt 0:06:39]} Bg7 {[%emt 0:00:06]} 4. d4 {[%emt 0:00:26]} cxd4 {[%emt 0:00:16]} 5. cxd4 {[%emt 0:00:16]} d5 {[%emt 0:00:39]} 6. exd5 {[%emt 0:08:50]} Nf6 {[%emt 0:01:11]} 7. Nc3 {[%emt 0:00:29]} Nxd5 {[%emt 0:05:32]} 8. Bc4 {[%emt 0:00:52]} Nb6 {[%emt 0:01:52]} 9. Bb3 {[%emt 0:02:17]} O-O {[%emt 0:02:30]} 10. O-O {[%emt 0:10:10]} Nc6 {[%emt 0:13:37]} 11. Be3 {[%emt 0:01:18]} Na5 {[%emt 0:07:17] D94: Grünfeld: 4 Nf3 Bg7 5 e3} (11... Bg4 12. h3 Bf5 13. d5 Na5 14. Bd4 Nxb3 15. axb3 f6 16. Bc5 Re8 17. Re1 e5 18. dxe6 Qxd1 19. Nxd1 {1-0 (38) Martirosyan,H (2516)-Salgado Lopez,I (2627) Minsk 2017}) 12. Bc2 {[%emt 0:02:07]} Nac4 {[%emt 0:01:23]} 13. Qe2 {[%emt 0:07:11]} Bd7 {[%emt 0:12:49]} 14. Bd3 {[%emt 0:04:54]} Rc8 $146 {[%emt 0:03:10]} ({Predecessor:} 14... Nd6 15. Rfd1 Nf5 16. Rac1 Rc8 17. b3 e6 18. Ne5 Nxe3 19. fxe3 Rxc3 20. Rxc3 {½-½ (26) Boruchovsky,A-Alekseenko,K (2056) Sibenik 2007}) 15. Rfd1 {[%emt 0:03:00]} Nxe3 {[%emt 0:04:35]} 16. fxe3 {[%emt 0:01:43]} Na4 {[%emt 0:01:51]} 17. Nxa4 {[%emt 0:12:07]} Bxa4 {[%emt 0:00:15]} 18. b3 {[%emt 0:00:02]} Bc6 {[%emt 0:01:53]} 19. Bc4 {[%emt 0:01:01]} e6 {[%emt 0:01:18]} 20. Rac1 {[%emt 0:02:13]} Qa5 {[%emt 0:01:29]} 21. e4 {[%emt 0:07:17]} b5 {[%emt 0:05:55]} 22. Bd3 {[%emt 0:00:06]} Qb6 {[%emt 0:00:08]} 23. Bb1 {[%emt 0:00:22]} e5 {[%emt 0:01:08]} 24. Qf2 {[%emt 0:05:27]} exd4 {[%emt 0:02:57]} 25. Nxd4 {[%emt 0:00:13]} Bb7 {[%emt 0:01:00]} 26. Nf3 {[%emt 0:02:13]} Qe6 {[%emt 0:08:13]} 27. Qxa7 {[%emt 0:02:54]} Bh6 {[%emt 0:14:11]} 28. Rxc8 {[%emt 0:01:50]} Qxc8 {[%emt 0:00:01]} 29. Qd4 {[%emt 0:02:42]} Bg7 {[%emt 0:03:54]} 30. Qd6 {[%emt 0:07:05]} Qc3 {[%emt 0:03:10]} 31. Qf4 {[%emt 0:00:35]} Qc5+ {[%emt 0:01:16]} 32. Kh1 {[%emt 0:00:14]} f5 {[%emt 0:00:23]} 33. exf5 {[%emt 0:03:52]} Qf2 {[%emt 0:01:56]} 34. Be4 {[%emt 0:04:24]} g5 {[%emt 0:00:49]} 35. Qd6 {[%emt 0:00:30]} Bxe4 {[%emt 0:00:31]} 36. Qe6+ {[%emt 0:00:04]} Kh8 {[%emt 0:00:17]} 37. Qxe4 {[%emt 0:00:05]} Qxa2 {[%emt 0:00:28]} 38. Qd5 {[%emt 0:02:13]} Qc2 {[%emt 0:00:28]} 39. Nxg5 {[%emt 0:01:02]} Rxf5 {[%emt 0:00:09]} 40. Qd8+ {[%emt 0:00:00]} Rf8 {[%emt 0:00:08]} 41. Ne6 {[%emt 0:05:02]} Rg8 {[%emt 0:02:01]} 42. Qd5 {[%emt 0:04:00]} Bc3 {[%emt 0:03:35]} 43. Rg1 $16 {[%emt 0:09:43]} b4 {[%emt 0:06:42]} 44. Nd8 {[%emt 0:02:39]} Qf2 {[%emt 0:03:01]} 45. Nf7+ {[%emt 0:01:16]} Kg7 {[%emt 0:00:06]} 46. Ne5 {[%emt 0:01:10]} Rf8 {[%emt 0:04:52]} 47. Nf3 {[%emt 0:01:05]} Kh8 {[%emt 0:02:37]} 48. Qd3 {[%emt 0:01:03]} Rg8 {[%emt 0:03:18]} 49. Qe4 {[%emt 0:00:49]} Qb2 {[%emt 0:02:11]} 50. Qd5 {[%emt 0:00:22]} Bf6 {[%emt 0:00:31]} 51. Qf5 {[%emt 0:01:46]} Qc3 {[%emt 0:02:25]} 52. Rb1 {[%emt 0:01:12]} Re8 {[%emt 0:01:04]} 53. h3 {[%emt 0:00:48]} Ra8 {[%emt 0:01:01]} 54. Kh2 {[%emt 0:01:41]} Qc7+ {[%emt 0:00:25]} 55. Kh1 {[%emt 0:00:08]} Qc3 {[%emt 0:00:02]} 56. Ng5 {[%emt 0:00:25]} Bxg5 {[%emt 0:01:24]} 57. Qxg5 {[%emt 0:00:18]} Re8 {[%emt 0:01:07]} 58. Rc1 {[%emt 0:02:12]} Re1+ {[%emt 0:00:46]} 59. Rxe1 {[%emt 0:00:04]} Qxe1+ {[%emt 0:00:04]} 60. Kh2 {[%emt 0:00:02]} Qc3 {[%emt 0:01:33]} 61. Qd5 {[%emt 0:00:27]} Kg7 {[%emt 0:00:44]} 62. h4 {[%emt 0:00:49]} Qc7+ {[%emt 0:00:46]} 63. Kh3 {[%emt 0:00:29]} Qc8+ {[%emt 0:00:35]} 64. Kg3 {[%emt 0:00:33]} Qc7+ {[%emt 0:00:52]} 65. Kf3 {[%emt 0:01:05]} Qc3+ {[%emt 0:01:30]} 66. Kf4 {[%emt 0:01:35]} Qc1+ {[%emt 0:00:25]} 67. Ke5 {[%emt 0:01:11]} Qe1+ {[%emt 0:00:42]} 68. Qe4 {[%emt 0:00:04]} Qc3+ {[%emt 0:00:28]} 1/2-1/2

[Event "EYCC 2017"]
[Site "Mamaia"]
[Date "2017.09.11"]
[Round "6"]
[White "Zhurova, Anna"]
[Black "Tsotsonava, Elene"]
[Result "1-0"]
[WhiteElo "1864"]
[BlackElo "1644"]
[Annotator "NA RC"]
[PlyCount "95"]
[EventDate "2017.??.??"]
[EventType "swiss"]
[EventCountry "ROU"]
[SourceTitle "playchess.com"]
[Source "ChessBase"]
[SourceQuality "1"]
[TimeControl "40/5400+30:1800+30"]

1. e4 c5 2. Nf3 Nc6 3. Bb5 g6 4. Bxc6 bxc6 5. d4 Bg7 6. c3 cxd4 7. cxd4 Nf6 8. Nc3 Ba6 9. e5 Nd5 10. Nxd5 cxd5 11. h4 h5 12. Ng5 Qb6 13. a3 d6 14. Qa4+ Bb5 15. Qb3 dxe5 16. dxe5 O-O 17. a4 Bc4 18. Qxb6 axb6 19. f4 Rfc8 20. Be3 Rc6 21. Kd2 Bb3 22. Rhc1 Rc4 23. Rxc4 dxc4 24. Bxb6 Rxa4 25. Rxa4 Bxa4 26. Nf3 Bc6 27. Ne1 f6 28. Bd4 fxe5 29. fxe5 Kf7 30. e6+ Kf8 31. Kc3 Bd5 32. Bxg7+ Kxg7 33. Kd4 Bxe6 34. Nf3 Kf6 35. Ng5 Bg8 36. Ke4 c3 37. bxc3 Bc4 38. Kf4 Bd5 39. Ne4+ Bxe4 40. Kxe4 Ke6 41. c4 Kd6 42. Kd4 Kc6 43. c5 Kc7 44. Kd5 Kd7 45. c6+ Kc7 46. Ke6 Kxc6 47. Kxe7 Kd5 48. Kf6 1-0

[Event "EYCC 2017"]
[Site "Mamaia"]
[Date "2017.09.11"]
[Round "6"]
[White "Semonaviciute, Agne"]
[Black "Olde, Margareth"]
[Result "1/2-1/2"]
[WhiteElo "1854"]
[BlackElo "2161"]
[Annotator "TA"]
[PlyCount "105"]
[EventDate "2017.??.??"]
[EventType "swiss"]
[EventCountry "ROU"]
[SourceTitle "playchess.com"]
[Source "ChessBase"]
[SourceQuality "1"]

{[%evp 16,105,-7,-11,-22,0,12,-21,-27,-58,31,31,30,28,127,123,111,118,112,50,70,68,66,67,161,158,167,160,537,55,52,37,45,51,43,43,38,48,44,39,52,48,139,129,574,568,566,559,815,815,752,487,815,808,808,801,1323,1309,29993,29994,29996,452,445,431,433,419,702,691,676,676,5297,1002,980,0,5185,740,755,755,749,749,703,685,729,671,29992,29993,29993,29992,29992,29993,29993,29994]} 1. e4 c5 2. Nc3 Nc6 3. f4 g6 4. Nf3 Bg7 5. Bc4 e6 6. d3 Nge7 7. O-O d6 8. Qe1 O-O 9. Qh4 {LiveBook: 17 Games} a6 {B23: Closed Sicilian: Lines without g3} (9... d5 10. Bb3 Nd4 11. Nxd4 cxd4 12. Nd1 dxe4 13. dxe4 Nc6 14. Qxd8 Rxd8 15. Bd2 a5 16. a4 b6 17. Nf2 {½-½ (35) Gormally,D (2495)-Gordon,S (2533) Leeds 2012}) 10. a4 Rb8 11. f5 (11. g4 $5 {[%cal Rf4f5]}) 11... gxf5 {The position is equal.} 12. Bh6 $146 ({Predecessor:} 12. Ng5 h6 13. Nf3 Ng6 14. Qh5 f4 15. Ne2 b5 16. Bb3 Qf6 17. axb5 axb5 {0-1 (49) Catala Matienzo,I (2208)-Torres Rosas,L (2129) Havana 2011}) 12... f6 (12... Ng6 $15 13. Qh5 f4) 13. Qg3 $40 {[%csl Gh6][%cal Rg3g7][%mdl 128] White attacks.} Rf7 14. Nh4 $1 {aiming for exf5.} d5 (14... b5 $11 {keeps the balance.} 15. axb5 axb5) 15. exd5 $16 exd5 16. Nxd5 Nxd5 17. Nxf5 (17. Rxf5 $16 Bxf5 18. Nxf5) 17... Bxf5 $14 18. Rxf5 Ne5 {...Kh8 is the strong threat.} 19. Re1 $1 {[%cal Re1e5]} Nxc4 (19... b5 $14 20. Rexe5 bxc4 21. Rxd5 Qb6 22. dxc4 Qxb2) 20. Rxd5 $1 $18 Qxd5 21. Qxb8+ Bf8 $2 (21... Rf8 $16 22. Qg3 Qf7) 22. dxc4 $2 (22. Qg3+ $1 $18 Rg7 23. Re8 $1 {[%mdl 512]} (23. dxc4 Qd4+ 24. Qf2 Re7 $16) 23... Qd4+ 24. Kh1) 22... Qd4+ $1 $14 23. Kh1 Qh4 $1 {[%cal Rh4e1]} 24. Bd2 Qxc4 25. h3 {Threatens to win with Re8.} Qxa4 ({But not} 25... Qxc2 $6 26. Bh6 $16) 26. Re8 {Black must now prevent Bh6.} Qh4 $1 27. Bf4 {[%mdl 1024] Hoping for Bd6. White has compensation.} Kg7 $1 28. Kh2 Qh5 {[#]} (28... h6 $1 $14) 29. Re3 $1 $16 {[%cal Re3g3]} Qd5 $2 {[%mdl 8192]} (29... h6 $16 {is tougher.}) 30. Rg3+ $18 Kh8 31. Rd3 Qh5 {If only Black now had time for ...c4....} 32. Bd6 Qh6 33. Bxc5 Kg8 (33... Qg7 $142 34. Rg3 Qh6) 34. Rg3+ Kh8 35. Bd6 b5 36. b4 f5 37. Be5+ Rf6 38. Bxf6+ (38. Qd8 $142 Qxh3+ 39. gxh3 h6 40. Qxf6+ Kh7 41. Qxf5#) 38... Qxf6 {[%mdl 4096] Endgame KQR-KQB} 39. Qe8 f4 40. Rg4 f3 (40... Qe7 $142 41. Qa8 Qd6) 41. gxf3 Qd6+ 42. Kg2 h6 43. Rg6 (43. Qf7 $142 Qd2+ 44. Kh1 Qc1+ 45. Rg1 Qxg1+ 46. Kxg1 Bxb4 47. Qf6+ Kg8 48. Qxa6) 43... Qf4 44. Rg4 (44. Qd7 $142 Qc4 45. Kg3) 44... Qd6 $1 45. Re4 (45. Qf7 $142 Qd2+ 46. Kh1 Qc1+ 47. Rg1 Qxg1+ 48. Kxg1 Bxb4 49. Qf6+ Kg8 50. Qg6+ Kf8 51. Qxh6+ Ke8 52. Qxa6 Bc5+ 53. Kg2) 45... Qd2+ 46. Kg3 Qg5+ 47. Rg4 Qf5 48. Qe4 Qf7 49. Qg6 Qd5 50. Qf6+ {White mates.} Kh7 51. Qxf8 {[%csl Gf8][%cal Rg4g7]} Qe5+ 52. Kh4 {[%csl Gg4][%cal Rf8g8]} Qe1+ 53. Rg3 {[%mdl 32768] Precision: White = 60%, Black = 32%. . An unexpected result.} 1/2-1/2

[Event "EYCC 2017"]
[Site "Mamaia"]
[Date "2017.09.11"]
[Round "6"]
[White "Samadov, Read"]
[Black "Maurizzi, Marc Andria"]
[Result "1/2-1/2"]
[WhiteElo "1848"]
[BlackElo "1947"]
[Annotator "NA"]
[PlyCount "58"]
[EventDate "2017.??.??"]
[EventType "swiss"]
[EventCountry "ROU"]
[SourceTitle "playchess.com"]
[Source "ChessBase"]
[SourceQuality "1"]
[TimeControl "40/5400+30:1800+30"]

1. e4 c5 2. Nf3 Nc6 3. d4 cxd4 4. Nxd4 Nf6 5. Nc3 e5 6. Ndb5 d6 7. Bg5 a6 8. Na3 Be6 9. Bxf6 Qxf6 10. Nd5 Qd8 11. c3 Ne7 12. Bc4 Nxd5 13. Bxd5 Qc7 14. O-O Bxd5 15. Qxd5 Be7 16. Rad1 O-O 17. Rd3 Rad8 18. Nc4 b5 19. Ne3 Bg5 20. Nc2 g6 21. Nb4 a5 22. Qc6 Rc8 23. Qxc7 Rxc7 24. Nd5 Rb7 25. g3 f5 26. f3 Rbf7 27. Rdd1 Rb7 28. h4 Bd8 29. Kg2 Kg7 1/2-1/2

[Event "EYCC 2017"]
[Site "Mamaia"]
[Date "2017.09.11"]
[Round "6"]
[White "Levitan, Ronit"]
[Black "Peycheva, Gergana"]
[Result "1-0"]
[WhiteElo "1837"]
[BlackElo "2252"]
[Annotator "NA"]
[PlyCount "73"]
[EventDate "2017.??.??"]
[EventType "swiss"]
[EventCountry "ROU"]
[SourceTitle "playchess.com"]
[Source "ChessBase"]
[SourceQuality "1"]
[TimeControl "40/5400+30:1800+30"]

1. e4 {[%emt 0:00:00]} c5 {[%emt 0:00:07]} 2. c3 {[%emt 0:00:00]} d5 {[%emt 0:00:35]} 3. exd5 {[%emt 0:00:00]} Qxd5 {[%emt 0:00:39]} 4. d4 {[%emt 0:00:08]} Nf6 {[%emt 0:01:09]} 5. Nf3 {[%emt 0:01:06]} e6 {[%emt 0:01:29]} 6. Bd3 {[%emt 0:02:12]} Be7 {[%emt 0:02:22]} 7. O-O {[%emt 0:01:16]} O-O {[%emt 0:02:25]} 8. Qe2 {[%emt 0:01:21]} Nc6 {[%emt 0:04:52]} 9. dxc5 {[%emt 0:01:01]} Qxc5 {[%emt 0:04:10]} 10. Nbd2 {[%emt 0:01:24]} Rd8 {[%emt 0:05:33]} 11. Ne4 {[%emt 0:03:13]} Nxe4 {[%emt 0:01:13]} 12. Bxe4 {[%emt 0:01:07]} Bf6 {[%emt 0:04:20]} 13. Be3 {[%emt 0:01:08]} Qe7 {[%emt 0:01:08]} 14. Rad1 {[%emt 0:03:58]} Bd7 {[%emt 0:04:31]} 15. Bf4 {[%emt 0:05:12]} Be8 {[%emt 0:02:36]} 16. Rxd8 {[%emt 0:02:09]} Rxd8 {[%emt 0:00:31]} 17. Rd1 {[%emt 0:00:11]} a6 {[%emt 0:06:21]} 18. Rxd8 {[%emt 0:07:43]} Qxd8 {[%emt 0:00:51]} 19. g3 {[%emt 0:01:42]} g6 {[%emt 0:04:33]} 20. Qc4 {[%emt 0:12:16]} b5 {[%emt 0:07:48]} 21. Qc5 {[%emt 0:04:26]} Be7 {[%emt 0:01:49]} 22. Qe3 {[%emt 0:01:41]} Qc8 {[%emt 0:05:53]} 23. Qb6 {[%emt 0:12:49]} f5 {[%emt 0:05:13]} 24. Bc2 {[%emt 0:03:49]} Bf6 {[%emt 0:08:16]} 25. Bb3 {[%emt 0:00:54]} Bf7 {[%emt 0:03:59]} 26. Qc5 {[%emt 0:05:36]} Qb7 {[%emt 0:05:52]} 27. Ne5 {[%emt 0:02:07]} Na5 {[%emt 0:02:40]} 28. Nxf7 {[%emt 0:09:03]} Kxf7 {[%emt 0:00:06]} 29. Bh6 {[%emt 0:02:26]} Qa8 {[%emt 0:06:59]} 30. Qc7+ {[%emt 0:02:21]} Be7 {[%emt 0:00:23]} 31. Qxa5 {[%emt 0:01:13]} g5 {[%emt 0:00:13]} 32. Qc7 {[%emt 0:04:29]} Qe4 {[%emt 0:01:25]} 33. Bxg5 {[%emt 0:04:23]} Qe1+ {[%emt 0:00:09]} 34. Kg2 {[%emt 0:00:06]} Qe4+ {[%emt 0:00:05]} 35. f3 {[%emt 0:01:32]} Qe2+ {[%emt 0:00:08]} 36. Kh3 {[%emt 0:00:47]} Kg6 {[%emt 0:00:52]} 37. Qxe7 {[%emt 0:01:06]} 1-0

[Event "EYCC 2017"]
[Site "Mamaia"]
[Date "2017.09.11"]
[Round "6"]
[White "Hajiyeva, Laman"]
[Black "Beydullayeva, Govhar"]
[Result "0-1"]
[WhiteElo "1818"]
[BlackElo "2164"]
[Annotator "TA"]
[PlyCount "93"]
[EventDate "2017.??.??"]
[EventType "swiss"]
[EventCountry "ROU"]
[SourceTitle "playchess.com"]
[Source "ChessBase"]
[SourceQuality "1"]

{[%evp 33,93,0,-8,0,0,0,-1,-7,0,-9,0,-29,0,-24,-19,-16,0,-56,-32,-122,-93,-105,-109,-168,-158,-145,-74,-138,-73,-92,-94,-162,-164,-351,-345,-512,-519,-620,-401,-967,-950,-992,-1020,-972,-972,-1906,-1247,-1078,-1060,-1074,-369,-752,-752,-6093,-6093,-6093,-6093,-6093,-5722,-6093,-6087,-5110]} 1. c4 e6 2. d4 Nf6 3. Nf3 b6 4. a3 Ba6 5. Qc2 Bb7 6. Nc3 c5 7. e4 cxd4 8. Nxd4 Bc5 {[%cal Bf8c5,Bc5d4,Bd4e5][%mdl 32]} 9. Nb3 Nc6 10. Bg5 {[%cal Bc1g5,Bg5h4,Bh4g3][%mdl 32]} h6 11. Bh4 Nd4 12. Nxd4 Bxd4 13. Bd3 Be5 {E12: Queen's Indian: Unusual White 4th moves, 4 a3, 4 Nc3 Bb7 5 a3 and 4 Nc3 Bb7} 14. Bg3 (14. O-O-O Qc7 15. Bg3 a6 16. Kb1 O-O 17. Qe2 Rac8 18. Rhe1 d6 19. Bxe5 dxe5 20. Qe3 Nd7 21. Rd2 {½-½ (41) Bauer,C (2641)-Zhigalko,S (2677) Bilbao 2014}) 14... Qb8 15. O-O-O O-O 16. Rhe1 a6 17. Kb1 b5 {[#] LiveBook: 4 Games} 18. Bxe5 $146 ({Find the theoretical novelty and annotate with similar games:} 18. cxb5 axb5 19. Nxb5 Bxg3 20. hxg3 Bc6 21. a4 {½-½ (32) Johannessen,L (2540)-Hammer,J (2566) Oslo 2009}) 18... Qxe5 19. g3 bxc4 20. Bxc4 Rfc8 21. f4 Qc5 22. Bd3 Rab8 23. Rc1 Qa5 24. Qe2 d5 {[%cal Bd7d5,Bd5d4][%mdl 32]} 25. e5 (25. exd5 $1 $11 exd5 26. Qd2) 25... Nd7 26. f5 (26. Qe3 $15) 26... d4 27. Na2 Rxc1+ 28. Nxc1 {[#]} (28. Rxc1 $17 Nxe5 29. fxe6) 28... Bf3 $1 $19 {[%cal Rf3e2][%mdl 512]} 29. Qf2 {[#]} (29. Qxf3 Qxe1) 29... Qxa3 (29... Bg4 $142 $1 30. Re4 Nxe5 31. fxe6 Bxe6 32. Rxd4 Rc8) 30. Qxd4 {[#]} (30. fxe6 $142 fxe6 31. Qxd4) 30... Bd5 $36 {[%mdl 2048] White is under strong pressure.} (30... Nc5 $142 $1 {Hoping for ...Bd5.} 31. f6 Bd5) 31. Re2 $17 Nc5 32. fxe6 (32. Bc2 $17 {was worth a try.}) 32... Bxe6 $19 33. Rc2 $2 (33. Bc2) 33... Nxd3 34. Nxd3 (34. Qxd3 $142 Qa5 35. Qf3) 34... Bf5 35. Rd2 Qa5 36. Kc2 (36. Qf4 $142) 36... Rd8 37. Qe3 Qa4+ 38. b3 Qa1 {( -> ...Rc8+)} 39. Rd1 Rc8+ 40. Kd2 Qc3+ 41. Ke2 Qxb3 $2 (41... Bg4+ 42. Kf2 Bxd1) 42. Rd2 $2 (42. Nf2 Rc2+ 43. Rd2 Qb5+ 44. Kf3) 42... Rc3 {Black is clearly winning.} 43. Qd4 Rxd3 44. Rxd3 Qxd3+ 45. Qxd3 Bxd3+ 46. Kxd3 Kf8 47. Kd4 {Precision: White = 24%, Black = 62%.} 0-1